| 000 | 00602 a2200229 4500 | ||
|---|---|---|---|
| 999 |
_c200001066 _d16492 |
||
| 001 | 200001066 | ||
| 003 | TR-AnTOB | ||
| 005 | 20230904140643.0 | ||
| 008 | 160815s2009 tu 000 0 | ||
| 020 |
_a9789757103714 _z9789757103714 |
||
| 040 |
_aTR-AnTOB _beng _cTR-AnTOB _erda |
||
| 041 | 0 | _aeng | |
| 050 | 0 | 0 | _aPE1128 |
| 099 | _aPE EASY NUA L2 BRI 2009 | ||
| 100 | 1 |
_aO'Carolan, Pauline _969053 |
|
| 245 | 1 | 4 |
_aThe bride wore black / _cPauline O'Carolan. |
| 264 | 1 |
_aAnkara: _bNĂ¼ans, _c2009. |
|
| 300 |
_a46 p.; _bill. : _c18 cm. _e+ 1 CD-ROM |
||
| 650 | 0 |
_aReaders _967599 |
|
| 942 |
_cMX _2lcc |
||